000
00293nam a2200133Ia 4500
008
231129s1981||||xx |||||||||||||| ||spa||
040
_b
spa
082
_a
I823 G796c
100
_a
Greene Graham
245
0
_a
Los comediantes
260
_c
1981
264
_a
Sudamericana
942
_2
ddc
_c
BKS
999
_c
19559
_d
19559